| 000 | 00499 a2200193 4500 | ||
|---|---|---|---|
| 001 | 131557 | ||
| 020 | _a85-7402-013-3 | ||
| 040 | _cLeonardo Da Vinci | ||
| 041 | _aPortuguês | ||
| 082 |
_a869.93 S697p _bS697p |
||
| 100 | _aSOUSA, João da Cruz e | ||
| 245 |
_aPoesias completas _bbroquéis, faróis, últimos sonetos |
||
| 260 |
_bPublifolha _c1997 _aSão Paulo |
||
| 300 | _a223 | ||
| 362 | _a19970000 | ||
| 490 | _aBiblioteca folha | ||
| 697 |
_aLiteratura _aPoesia _aBrasil |
||
| 942 | _cBK | ||
| 999 |
_c131557 _d131557 |
||